LIBRARY ONLINE CATALOGUE

Introduction to parallel processing / (Record no. 2990)

MARC details
000 -LEADER
fixed length control field 00744nam a22002292 4500
001 - CONTROL NUMBER
control field 0000005844
005 - DATE AND TIME OF LATEST TRANSACTION
control field 20151217145826.0
008 - FIXED-LENGTH DATA ELEMENTS--GENERAL INFORMATION
fixed length control field 070719s xx 000 0 eng d
020 ## - INTERNATIONAL STANDARD BOOK NUMBER
International Standard Book Number 8120316193 :
Terms of availability KES 1,890
040 ## - CATALOGING SOURCE
Original cataloging agency KABU
Transcribing agency KABU
050 #0 - LIBRARY OF CONGRESS CALL NUMBER
Classification number QA76.58
Item number .S27
100 1# - MAIN ENTRY--PERSONAL NAME
Personal name Sasikumar, M.
-- 0000157079
245 10 - TITLE STATEMENT
Title Introduction to parallel processing /
Statement of responsibility, etc. M. Sasikumar, Dinesh Shikhare and P. Ravi Prakash.
260 ## - PUBLICATION, DISTRIBUTION, ETC. (IMPRINT)
Place of publication, distribution, etc. New Delhi :
Name of publisher, distributor, etc. Prentice-Hall,
Date of publication, distribution, etc. 2002.
300 ## - PHYSICAL DESCRIPTION
Extent viii, 266 p.
650 #0 - SUBJECT ADDED ENTRY--TOPICAL TERM
Topical term or geographic name as entry element Parallel processing (Electronic computer)
-- 0000157080
700 1# - ADDED ENTRY--PERSONAL NAME
Personal name Shikhare, Dinesh.
-- 0000157081
700 1# - ADDED ENTRY--PERSONAL NAME
Personal name Prakash, P. Ravi.
-- 0000157082
908 ## - PUT COMMAND PARAMETER (RLIN)
Put command parameter 070719
950 ## - LOCAL HOLDINGS (RLIN)
-- 1
Holdings
Withdrawn status Lost status Source of classification or shelving scheme Not for loan Home library Current library Date acquired Total Checkouts Full call number Barcode Date last seen Price effective from Koha item type
    Library of Congress Classification   Kabarak, Main Campus Kabarak, Main Campus 17/12/2015   QA76.58 .S27 002713 17/12/2015 17/12/2015 General Collection